Zgadnij danie po składnikach - Statystyki

Ogólne statystyki
  • Ten quiz został rozwiązany 39 razy
  • Średni wynik to 6 z 10
Statystyki odpowiedzi
Hint Odpowiedź % Poprawnych
Makaron Mielone mięso Pomidory Cebula Czosnek Spaghetti
97%
Mąka Drożdże Pomidory Ser mozzarella Zioła Pizza
78%
Kapusta kiszona Kiełbasa Grzyby suszone Przyprawy Bigos
72%
Ziemniaki Twaróg Cebula Sól Pieprz Pierogi Ruskie
66%
Mąka Masło Cukier Jajka Jabłka Szarlotka
56%
Chleb Szynka Ser żółty Masło Tosty
56%
Jajka Mąka Mleko Cukier Masło Naleśniki
53%
Mąka Masło Cukier Jajka Ziemniaki Placki Ziemniaczane
44%
Ziemniaki Ser biały Jajka Masło Kopytka
34%
Wołowina Cebula Mąka Ziemniaki Sól Kotlet schabowy
0%
Nie znaleziono quizów pasujących do podanych kryteriów
Rozkład punktacji
Procent ludzi z każdym wynikiem
Percentyl według liczby udzielonych odpowiedzi
Twoja historia wyników
Nie rozwiązałeś tego quizu